Introduction to computer science / (Record no. 3766)

000 -LEADER
fixed length control field 00424nam a22001577a 4500
008 - FIXED-LENGTH DATA ELEMENTS--GENERAL INFORMATION
fixed length control field 200629b ||||| |||| 00| 0 eng d
020 ## - INTERNATIONAL STANDARD BOOK NUMBER
International Standard Book Number 0070038805
082 00 - DEWEY DECIMAL CLASSIFICATION NUMBER
Classification number 001.64
Item number B2833
100 ## - MAIN ENTRY--PERSONAL NAME
9 (RLIN) 2386
Personal name Bartee, Thomas C.
245 10 - TITLE STATEMENT
Title Introduction to computer science /
250 ## - EDITION STATEMENT
Edition statement 1st ed.
260 ## - PUBLICATION, DISTRIBUTION, ETC. (IMPRINT)
Place of publication, distribution, etc London
Name of publisher, distributor, etc McGraw-Hill
Date of publication, distribution, etc 1981
300 ## - PHYSICAL DESCRIPTION
Extent xi, 404 p.
650 #0 - SUBJECT ADDED ENTRY--TOPICAL TERM
Topical term or geographic name as entry element Computer programming
942 ## - ADDED ENTRY ELEMENTS (KOHA)
Item type Books
Holdings
Withdrawn status Lost status Source of classification or shelving scheme Damaged status Not for loan Permanent location Current location Date acquired Full call number Barcode Date last seen Koha item type
          IMU Kolkata IMU Kolkata 2020-06-29 001.64 B2833 06766 2020-06-29 Books
Designed and Maintained by IMU-KC Library, Kolkata Campus © Copyright All Rights Reserved

webs counters

Powered by Koha